000
00318nam a2200133Ia 4500
008
170620s9999 xx 000 0 und d
020
_a
9.78935E+12
100
_a
GUPTA-M.K
245
0
_a
TEXT BOOK OF REMEDIAL BIOLOGY
260
_b
PRAGATI PRAKASHAN MEERUT
260
_c
2011
300
_a
168
546
_a
English
690
_a
REMEDIAL BIOLOGY
999
_c
31348
_d
31348